000 01507nam a22003617a 4500
001 331
003 FISKH
005 20250821141945.0
008 230323b cb ||||| |||| 00| 0 eng d
020 _a9781423101475
020 _a9780141346885
040 _aDLC
_cDLC
_beng
_dFISKH
042 _alcac
050 0 0 _aPZ7.R4829
_bLas 2009b
082 0 0 _a813.6
_222
100 1 _aRiordan, Rick.
245 1 4 _aThe last Olympian /
_cRick Riordan.
250 _a1st ed.
260 _aNew York :
_bPuffin.
_c2009.
300 _a381 pages ;
_c20 cm
490 0 _aPercy Jackson & the Olympians ;
_vbk. 5
505 _aM
520 _aFrom New York Times best-selling author, Rick Riordan, comes the momentous final book in the blockbuster Percy Jackson and the Olympians series. All year the half-bloods have been preparing for battle against the Titans, knowing the odds of victory are grim. Kronos's army is stronger than ever, and with every god and half-blood he recruits, the evil Titan's power only grows. While the Olympians struggle to contain the rampaging monster Typhon, Kronos begins his advance on New York City, where Mount Olympus stands virtually
521 8 _a620
_bLexile
521 8 _aM
_bRaz-Plus
650 1 _aMythology, Greek
_vFiction.
650 1 _aFate and fatalism
_vFiction.
650 1 _aMonsters
_vFiction.
650 1 _aMythical animals
_vFiction.
650 1 _aTitans (Mythology)
_vFiction.
906 _a7
_bcbc
_corignew
_d2
_encip
_f20
_gy-gencatlg
942 _2ddc
_cBK
_n0
999 _c331
_d331